00377pab a2200133 454500008004000000100002500040245007800065260000900143300001400152362000800166650002600174650001800200773002500218180718b2006 xxu||||| |||| 00| 0 eng d aChiu, Catherine C.H. aChanging experiences of work in reformed state-owned enterprises in China c2006 ap.677-97. aMay aPublic sector - China aPublic sector aOrganization Studies